000 02721cam a2200481 a 4500
001 14503207
003 ARRUPE
005 20150910110705.0
008 060817s2008 dcu b 001 0 eng
010 _a 2006026614
020 _a1565182316 (pbk. : alk. paper)
020 _a9781565182318 (pbk. : alk. paper)
035 _a(OCoLC)ocm71222971
040 _aDLC
_cDLC
_dBTCTA
_dC#P
_dCDX
_dDLC
043 _af-rh---
050 0 0 _aDT2996
_b.S77 2008
082 0 0 _a968.9105/1
_222
245 0 4 _aThe struggles after the struggle /
_cedited by David Kaulemu.
260 _aWashington, D.C. :
_bCouncil for Research in Values and Philosophy,
_cc2008.
300 _a227 p. ;
_c23 cm.
490 1 _aCultural heritage and contemporary change. Series II, Africa ;
_vv. 12
490 1 _aZimbabwean philosophical study ;
_v1
504 _aIncludes bibliographical references and index.
505 0 _aIn search of social justice : reconciliation and the land question in Zimbabwe -- Religion and the struggle for peace in Zimbabwe -- Running in vicious circles : paradoxes of struggles for peace in Zimbabwe -- The quest for unity, peace, and stability in Zimbabwe -- Reflections on corporate peace at the dawn of the free market -- Reconciliation : why the church failed to live with itself in Zimbabwe -- Rethinking wildlife conservation in Zimbabwe -- Education at cultural crossroads : a struggle for meaningful education in Zimbabwe -- Kugara Hunzwana : conceptions of social cohesion in an African culture -- Beyond contemporary exclusivist traditionalist culture in peace building and development -- Could there be a completely different way of living?
650 0 _aPolitical science
_zZimbabwe
_xPhilosophy.
_9363
650 0 _aSocial sciences
_zZimbabwe
_xPhilosophy.
_9364
650 0 _aPostcolonialism
_zZimbabwe.
_9365
650 0 _aNationalism
_zZimbabwe.
_9366
650 0 _aIntercultural communication
_zZimbabwe.
_9367
650 0 _aSocial justice
_zZimbabwe.
_9368
651 0 _aZimbabwe
_xPolitics and government
_y1980-
_9369
651 0 _aZimbabwe
_xCivilization
_xPhilosophy.
_9370
651 0 _aZimbabwe
_xColonial influence.
_9371
651 0 _aZimbabwe
_xSocial conditions
_y1980-
_9372
700 1 _aKaulem, David.
_9373
700 1 _aKaulemu, David
_919744
830 0 _aCultural heritage and contemporary change.
_nSeries II
_pAfrica ;
_vv. 12.
_9374
830 0 _aZimbabwean philosophical study ;
_v1.
_9375
856 4 1 _3Table of contents only
_uhttp://www.loc.gov/catdir/toc/ecip0619/2006026614.html
906 _a7
_bcbc
_corignew
_d1
_eecip
_f20
_gy-gencatlg
942 _2lcc
_cMONOGRAPH
_03
999 _c117835
_d117835